Top 5 Most Famous by First Name: E (#2) - Statistics

General Stats
  • This quiz has been taken 8 times
  • The average score is 5 of 50
Answer Stats
First Name Last Name Hint Lifespan % Correct
Eleanor Roosevelt U.S. First Lady / Diplomat / Activist 1884-1962
100%
Elliot Page Actor / Producer 1987-
57%
Evelyn Waugh Novelist / Writer / Journalist / Book Reviewer 1903-1966
57%
Emilia Clarke Actress 1986-
43%
Emilia Fox Actress / Presenter 1974-
29%
Eden Hazard Footballer 1991-
29%
Eleanor of Aquitaine Queen Consort / Duchess 1122-1204
29%
Evan Rachel Wood Actress / Model / Musician 1987-
29%
Elliot Daly Rugby Player 1992-
14%
Eilidh Doyle Track & Field Athlete 1987-
14%
Eliza Dushku Actress / Producer 1980-
14%
Eve Myles Actress 1978-
14%
Evan Peters Actor 1987-
14%
Evan Spiegel Businessman / CEO of Snapchat 1990-
14%
Eden Ahbez Songwriter / Recording Artist 1908-1995
0%
Eilidh Barbour TV Presenter / Reporter 1982-
0%
Evelyn Barker British Army Officer 1894-1983
0%
Eliza Bennett Actress / Singer 1992-
0%
Eden Brolin Actress / Singer 1994-
0%
Eleanor Bron Actress / Author 1938-
0%
Eve Cooper Rapper / Singer / Songwriter / Actress / TV Presenter / Talk Show Hostess 1978-
0%
Eliza Coupe Actress / Comedian 1981-
0%
Elliot Cowan Actor 1976-
0%
Elsie de Wolfe Actress / Interior Decorator 1859-1950
0%
Elsie Fisher Actor 2003-
0%
Elliot Fletcher Actor 1996-
0%
Eliza Gilkyson Musician 1950-
0%
Eve Hewson Actress 1991-
0%
Eleanor Hibbert Author 1906-1983
0%
Elsie J. Oxenham Author 1880-1960
0%
Eden Kuriakose Actress / Model 1991-
0%
Emilia Lanier Poet 1569-1645
0%
Elsie Locke Writer / Historian / Feminist & Peace Advocate 1912-2001
0%
Elliot Mazer Audio Engineer / Record Producer 1941-2021
0%
Eilidh McCreadie Radio Drama Director & Producer ????-
0%
Evelyn Nesbit Model / Chorus Girl / Actress 1884 or 1885-1967
0%
Eleanor of Castile Queen 1241-1290
0%
Elsie Paroubek Murder Victim 1906-1911
0%
Eve Plumb Actress 1958-
0%
Eden Riegel Actress 1981-
0%
Evan Ross Actor / Musician 1988-
0%
Emilia Rydberg Singer 1978-
0%
Emilia Schüle Actress 1992-
0%
Eliza Taylor Actress 1989-
0%
Eve Torres Actress / Dancer / Model / Martial Arts Instructor / Wrestler 1984-
0%
Evelyn Underhill Writer / Pacificist 1875-1941
0%
Eilidh Watt Broadcaster / Campaigner for Equality & Women's Rights 1908-1996
0%
Eilidh Whiteford British Member of Parliament 1969-
0%
Evelyn Wood British Army Officer / Member of Royal Navy 1838-1919
0%
Evan Wright Writer 1966-
0%
No matching quizzes found
Score Distribution
Percent of People with Each Score
Percentile by Number Answered
Your Score History
You have not taken this quiz